[Event "Konakovo Rating 9th"]
[Site "Konakovo"]
[Date "2014.02.28"]
[Round "9"]
[White "Kasyanov, Vasiliy"]
[Black "Matveev, Aleksandr"]
[Result "0-1"]
[WhiteElo "2066"]
[BlackElo "2084"]
[PlyCount "79"]
[EventDate "2014.02.22"]
[EventType "tourn"]
[EventRounds "13"]
[EventCountry "RUS"]
[SourceTitle "CBM 159 Extra"]
[Source "ChessBase"]
[SourceDate "2014.04.24"]
[SourceVersion "1"]
[SourceVersionDate "2014.04.24"]
[SourceQuality "1"]

1. d4 Nf6 2. c4 e6 3. Nc3 Bb4 4. Bg5 c5 5. d5 Qa5 6. Bxf6 gxf6 7. Qc2 b5 8. e4 bxc4 9. Bxc4 Ba6 10. Bxa6 Nxa6 11. Nge2 Nc7 12. 0-0 Nb5 13. Nxb5 Qxb5 14. b3 Ba5 15. Ng3 h5 16. h4 Ke7 17. Qd1 Bc7 18. f4 Rag8 19. Nxh5 Qb4 20. Qf3 Rxh5 21. Qxh5 Qxe4 22. Qf3 Qd4+ 23. Kh1 e5 24. Rae1 f5 25. Qh5 Qxd5 26. Rg1 e4 27. Rgf1 Rg4 28. Rd1 Qe6 29. Kh2 e3 30. Rde1 d5 31. g3 d4 32. Qh8 e2 33. Rf3 Qe4 34. Kg2 Bxf4 35. Kf2 Be3+ 36. Kg2 Rxg3+ 37. Kxg3 Qg4+ 38. Kh2 Qxf3 39. Qe5+ Kd7 40. Qxc5 0-1

[Event "Konakovo"]
[Site "Konakovo"]
[Date "2012.03.05"]
[Round "4"]
[White "Matveev, Aleksandr"]
[Black "Shapkin, Anatoliy"]
[Result "1/2-1/2"]
[WhiteElo "2081"]
[BlackElo "2029"]
[PlyCount "93"]
[EventDate "2012.03.02"]
[EventType "tourn"]
[EventRounds "13"]
[EventCountry "RUS"]
[SourceTitle "EXT 2014"]
[Source "ChessBase"]
[SourceDate "2013.11.20"]
[SourceVersion "1"]
[SourceVersionDate "2013.11.20"]
[SourceQuality "1"]

1. d4 Nf6 2. c4 e6 3. g3 Be7 4. Bg2 d5 5. Nf3 0-0 6. 0-0 c6 7. b3 Nbd7 8. Nc3 b6 9. Nd2 Bb7 10. e4 dxe4 11. Ndxe4 Nxe4 12. Nxe4 Nf6 13. Bb2 Qd7 14. Qe2 Nxe4 15. Bxe4 Rfd8 16. Rad1 Qc7 17. h4 Bf6 18. Qf3 Rd7 19. Rd3 Rad8 20. Rfd1 h6 21. Bc3 c5 22. Bxb7 cxd4 23. Bxd4 Bxd4 24. Bc6 Bxf2+ 25. Kxf2 Rxd3 26. Rxd3 Rxd3 27. Qxd3 Qxc6 28. b4 f6 29. a3 Kf7 30. h5 f5 31. Ke3 Kf6 32. Qd8+ Kf7 33. Qd3 Qc7 34. Kf2 Kf6 35. Qd4+ e5 36. Qd5 Qf7 37. Qd8+ Qe7 38. Qd2 a5 39. bxa5 Qc5+ 40. Kf3 e4+ 41. Kg2 bxa5 42. Qb2+ Qe5 43. Qb6+ Kf7 44. Qb5 Kf6 45. Qb6+ Ke7 46. Qb5 Kf6 47. Qb6+ 1/2-1/2

[Event "Konakovo Chervonny op"]
[Site "Konakovo"]
[Date "2011.09.25"]
[Round "7"]
[White "Nazarov, Valeriy"]
[Black "Matveev, Aleksandr"]
[Result "1/2-1/2"]
[WhiteElo "2235"]
[BlackElo "2072"]
[PlyCount "21"]
[EventDate "2011.09.22"]
[EventType "swiss"]
[EventRounds "7"]
[EventCountry "RUS"]
[SourceTitle "EXT 2012"]
[Source "ChessBase"]
[SourceDate "2011.11.24"]
[SourceVersion "1"]
[SourceVersionDate "2011.11.24"]
[SourceQuality "1"]

1. e4 d6 2. d4 Nf6 3. Nc3 g6 4. f4 Bg7 5. Nf3 Bg4 6. h3 Bxf3 7. Qxf3 0-0 8. Be3 c6 9. 0-0-0 Qc7 10. e5 Nd5 11. Bc4 1/2-1/2

[Event "Konakovo Rating 6"]
[Site "Konakovo"]
[Date "2011.05.14"]
[Round "12"]
[White "Matveev, Aleksandr"]
[Black "Yashkov, Aleksandr"]
[Result "1-0"]
[WhiteElo "2040"]
[BlackElo "2171"]
[PlyCount "51"]
[EventDate "2011.05.03"]
[EventType "tourn"]
[EventRounds "13"]
[EventCountry "RUS"]
[SourceTitle "EXT 2023"]
[Source "ChessBase"]
[SourceDate "2022.10.05"]
[SourceVersion "1"]
[SourceVersionDate "2022.10.05"]
[SourceQuality "1"]

1. c4 c6 2. Nc3 d5 3. cxd5 cxd5 4. d4 Nf6 5. Nf3 Nc6 6. g3 Bf5 7. Nh4 Be4 8. f3 Bg6 9. Nxg6 hxg6 10. e3 e6 11. Bg2 Bd6 12. Kf2 Rc8 13. Bd2 a6 14. Qe2 b5 15. Rac1 Qe7 16. f4 0-0 17. Bf3 Nd7 18. h4 f6 19. Nxd5 Qe8 20. Nc3 Nb6 21. d5 Nb4 22. dxe6 Qxe6 23. a3 Nc6 24. Nxb5 Bb8 25. Rxc6 Rxc6 26. Nd4 1-0

[Event "Konakovo Rating 2nd"]
[Site "Konakovo"]
[Date "2009.07.26"]
[Round "9"]
[White "Matveev, Aleksandr"]
[Black "Blinov, Sergey"]
[Result "0-1"]
[WhiteElo "2071"]
[BlackElo "1968"]
[PlyCount "116"]
[EventDate "2009.07.19"]
[EventType "tourn"]
[EventRounds "9"]
[EventCountry "RUS"]
[SourceTitle "EXT 2022"]
[Source "ChessBase"]
[SourceDate "2021.10.06"]
[SourceVersion "1"]
[SourceVersionDate "2021.10.06"]
[SourceQuality "1"]

1. d4 e6 2. Nf3 b6 3. e4 Bb7 4. Bd3 g6 5. 0-0 Bg7 6. c3 d6 7. a4 a5 8. Nbd2 Nf6 9. Re1 0-0 10. Nf1 Nbd7 11. Bg5 h6 12. Bh4 g5 13. Bg3 Nh5 14. N3d2 Nf4 15. Bxf4 gxf4 16. Qg4 Qg5 17. Qh3 Nf6 18. Nf3 Qh5 19. Qxh5 Nxh5 20. N1d2 Rad8 21. Kf1 Nf6 22. Reb1 d5 23. e5 Ne4 24. Re1 Nxd2+ 25. Nxd2 c5 26. Bb5 c4 27. Nf3 Bc8 28. Nh4 Kh7 29. b3 cxb3 30. Bd3+ Kg8 31. Reb1 Bd7 32. Rxb3 Rb8 33. Ke2 h5 34. Bb5 Bxb5+ 35. Rxb5 Rfc8 36. Kd3 Rc4 37. Nf3 Rbc8 38. Ra3 Bf8 39. Rab3 Rxa4 40. Rxb6 Ra2 41. Rb2 Rxb2 42. Rxb2 a4 43. Nd2 Be7 44. Ra2 Ra8 45. c4 dxc4+ 46. Nxc4 Ra6 47. Ke4 Bg5 48. h4 Bxh4 49. Kxf4 Be7 50. Ke4 a3 51. f4 Kf8 52. f5 Ra4 53. f6 Bc5 54. Kd3 Bb4 55. Nb6 Ra6 56. Nd7+ Ke8 57. Kc4 Kxd7 58. Kxb4 Kc6 0-1

[Event "Konakovo Rating"]
[Site "Konakovo"]
[Date "2009.02.14"]
[Round "12"]
[White "Konovalov, Roman"]
[Black "Matveev, Aleksandr"]
[Result "1-0"]
[WhiteElo "2160"]
[BlackElo "2114"]
[PlyCount "53"]
[EventDate "2009.02.02"]
[EventType "tourn"]
[EventRounds "12"]
[EventCountry "RUS"]
[SourceTitle "EXT 2022"]
[Source "ChessBase"]
[SourceDate "2021.10.06"]
[SourceVersion "1"]
[SourceVersionDate "2021.10.06"]
[SourceQuality "1"]

1. e4 c6 2. d4 d5 3. Nc3 dxe4 4. Nxe4 Bf5 5. Ng3 Bg6 6. Nh3 e6 7. Nf4 Bd6 8. h4 Bxf4 9. Bxf4 f6 10. h5 Bf7 11. c3 Ne7 12. Ne4 Nc8 13. Bc4 b5 14. Bb3 Nd7 15. Qf3 Qb6 16. 0-0 0-0 17. Qg3 Re8 18. h6 g6 19. Rfe1 Qd8 20. Bc7 Qe7 21. a4 a6 22. axb5 cxb5 23. Bd6 Qd8 24. c4 f5 25. Nc5 Ndb6 26. Qe5 Nxd6 27. Qg7# 1-0

[Event "Konakovo Rating"]
[Site "Konakovo"]
[Date "2009.02.12"]
[Round "10"]
[White "Dzera, Evgeniy"]
[Black "Matveev, Aleksandr"]
[Result "1-0"]
[WhiteElo "2120"]
[BlackElo "2114"]
[PlyCount "70"]
[EventDate "2009.02.02"]
[EventType "tourn"]
[EventRounds "12"]
[EventCountry "RUS"]
[SourceTitle "EXT 2022"]
[Source "ChessBase"]
[SourceDate "2021.10.06"]
[SourceVersion "1"]
[SourceVersionDate "2021.10.06"]
[SourceQuality "1"]

1. c4 Nf6 2. Nc3 e6 3. Nf3 d5 4. e3 c6 5. a3 Be7 6. d4 0-0 7. Bd3 Nbd7 8. b3 Re8 9. 0-0 Bd6 10. Bb2 Nf8 11. Qc2 Ng6 12. Rad1 b6 13. Rfe1 Qe7 14. b4 dxc4 15. Bxc4 a5 16. bxa5 Rxa5 17. Nb1 Ra7 18. e4 Bb8 19. g3 h6 20. Bd3 Rc7 21. e5 Nd5 22. Bxg6 fxg6 23. Qxg6 Rf8 24. Nbd2 Qf7 25. Qe4 g5 26. h4 gxh4 27. Qxh4 Qg6 28. Re4 Rg7 29. Kg2 Ba6 30. Nh2 Qf5 31. Ng4 Qg5 32. Nxh6+ Kh7 33. Nf5+ Kg8 34. Nxg7 Qxh4 35. Rxh4 Kxg7 1-0

[Event "Konakovo Rating"]
[Site "Konakovo"]
[Date "2009.02.09"]
[Round "7"]
[White "Matveev, Aleksandr"]
[Black "Poluhovich, Igor"]
[Result "0-1"]
[WhiteElo "2114"]
[BlackElo "1814"]
[PlyCount "86"]
[EventDate "2009.02.02"]
[EventType "tourn"]
[EventRounds "12"]
[EventCountry "RUS"]
[SourceTitle "EXT 2022"]
[Source "ChessBase"]
[SourceDate "2021.10.06"]
[SourceVersion "1"]
[SourceVersionDate "2021.10.06"]
[SourceQuality "1"]

1. c4 e6 2. Nc3 d5 3. d4 f5 4. Nf3 c6 5. b3 Nf6 6. g3 Nbd7 7. Bg2 Ne4 8. Bd2 Ndf6 9. 0-0 Nxd2 10. Qxd2 Bb4 11. Qc2 0-0 12. Rad1 Qa5 13. Na4 Ne4 14. c5 Qd8 15. Ne5 Qg5 16. Rd3 h5 17. f3 Nf6 18. f4 Qh6 19. Nc3 Ng4 20. Nf3 Ba5 21. Nd1 Bd8 22. h3 Nf6 23. Ne5 g5 24. Qd2 Ne4 25. Bxe4 fxe4 26. Rc3 gxf4 27. Rxf4 Bf6 28. Nf2 Kh7 29. e3 Qg7 30. g4 Rg8 31. Rxf6 Qxf6 32. Rc1 Qh4 33. Rf1 Qg3+ 34. Kh1 Rg7 35. Rg1 Qh4 36. Kh2 Bd7 37. Nxd7 Rxd7 38. gxh5 Rf7 39. Rg3 Rf3 40. Rxf3 exf3 41. Qd3+ Kh8 42. Ng4 Qe1 43. Qc2 Qe2+ 0-1

[Event "Konakovo Chervonny Rating"]
[Site "Konakovo"]
[Date "2008.09.28"]
[Round "11"]
[White "Stoletov, Gennadi"]
[Black "Matveev, Aleksandr"]
[Result "1/2-1/2"]
[WhiteElo "2297"]
[BlackElo "2297"]
[PlyCount "84"]
[EventDate "2008.09.20"]
[EventType "tourn"]
[EventRounds "10"]
[EventCountry "RUS"]
[SourceTitle "EXT 2022"]
[Source "ChessBase"]
[SourceDate "2021.10.06"]
[SourceVersion "1"]
[SourceVersionDate "2021.10.06"]
[SourceQuality "1"]

1. e4 d6 2. d4 Nf6 3. f3 g6 4. Be3 Bg7 5. Nc3 c6 6. Bc4 b5 7. Bb3 a5 8. a3 Ba6 9. Nge2 Nbd7 10. Qd2 h5 11. 0-0 Nb6 12. Bg5 b4 13. Na4 bxa3 14. Rxa3 Nc4 15. Bxc4 Bxc4 16. Re1 0-0 17. Ng3 Nd7 18. Bh6 e5 19. Bg5 f6 20. Be3 Bb5 21. Rea1 exd4 22. Bxd4 Ne5 23. b3 h4 24. Ne2 h3 25. f4 Bh6 26. c4 hxg2 27. Qc3 Bxa4 28. Rxa4 c5 29. Bf2 Nc6 30. Qh3 Bg7 31. Qe6+ Rf7 32. Rd1 Bf8 33. Qg4 g5 34. Nc3 Qe7 35. h4 Rg7 36. hxg5 fxg5 37. Nd5 Qf7 38. fxg5 Ne5 39. Qf4 Qxf4 40. Nxf4 Rxg5 41. Nxg2 Nf3+ 42. Kf1 Nh2+ 1/2-1/2

[Event "Konakovo Chervonny Rating"]
[Site "Konakovo"]
[Date "2008.09.27"]
[Round "9"]
[White "Nikolaev, Dmitriy"]
[Black "Matveev, Aleksandr"]
[Result "1/2-1/2"]
[WhiteElo "2196"]
[BlackElo "2297"]
[PlyCount "109"]
[EventDate "2008.09.20"]
[EventType "tourn"]
[EventRounds "10"]
[EventCountry "RUS"]
[SourceTitle "EXT 2022"]
[Source "ChessBase"]
[SourceDate "2021.10.06"]
[SourceVersion "1"]
[SourceVersionDate "2021.10.06"]
[SourceQuality "1"]

1. b3 d5 2. Bb2 Nf6 3. Nf3 e6 4. e3 c5 5. d4 Nbd7 6. Bd3 Be7 7. 0-0 0-0 8. c4 a6 9. Nbd2 Re8 10. Qc2 h6 11. Ne5 Qc7 12. f4 cxd4 13. exd4 Nf8 14. c5 Bd7 15. g4 Bb5 16. g5 Bxd3 17. Qxd3 N6h7 18. gxh6 g6 19. Kh1 Bf6 20. Ndf3 Qe7 21. Rg1 Bxe5 22. fxe5 Nd7 23. b4 Nb8 24. a4 Nc6 25. Ba3 Kh8 26. b5 Na5 27. c6 Qc7 28. Bd6 Qc8 29. Rac1 bxc6 30. Rc5 axb5 31. axb5 Qd7 32. h4 Rg8 33. Qe3 Rac8 34. bxc6 Nxc6 35. Qf4 Qe8 36. Nh2 Ne7 37. Rgc1 Rxc5 38. dxc5 Nf5 39. c6 Qa8 40. Nf3 Rc8 41. c7 d4 42. Kh2 Qa2+ 43. Kh3 Qf2 44. Qg4 Nxh6 45. Qg3 Qb2 46. Qe1 Nf5 47. Rb1 Qa2 48. Rb8 Qa6 49. Qb1 Kg7 50. Rxc8 Qxc8 51. Qb8 Qa6 52. Qb3 Qc6 53. Qd3 Nf8 54. Kh2 Nxd6 55. Qxd4 1/2-1/2

[Event "Konakovo Chervonny Rating"]
[Site "Konakovo"]
[Date "2008.09.21"]
[Round "2"]
[White "Matveev, Aleksandr"]
[Black "Kovalev, Aleksandr"]
[Result "1-0"]
[WhiteElo "2297"]
[BlackElo "2297"]
[PlyCount "101"]
[EventDate "2008.09.20"]
[EventType "tourn"]
[EventRounds "10"]
[EventCountry "RUS"]
[SourceTitle "EXT 2022"]
[Source "ChessBase"]
[SourceDate "2021.10.06"]
[SourceVersion "1"]
[SourceVersionDate "2021.10.06"]
[SourceQuality "1"]

1. c4 e5 2. Nc3 Nf6 3. g3 c6 4. Bg2 Be7 5. Nf3 d6 6. 0-0 0-0 7. d4 e4 8. Nd2 d5 9. c5 Bg4 10. b4 Na6 11. a3 Nc7 12. f3 exf3 13. Nxf3 Ne4 14. Nxe4 dxe4 15. Ne5 Be6 16. Bxe4 f6 17. Nf3 f5 18. Bc2 Bf6 19. e3 g5 20. Bb2 g4 21. Ne1 Nd5 22. Ng2 Bg5 23. Qe2 Qe7 24. Nf4 Bd7 25. Bb3 Bxf4 26. Bxd5+ cxd5 27. Rxf4 Rae8 28. Bc1 a6 29. a4 Ra8 30. Qa2 Be6 31. Qe2 Bd7 32. Rf1 Qe4 33. Bd2 Rfe8 34. Rfe1 h5 35. Qg2 Qe6 36. Qf1 Qf6 37. Qf4 Rac8 38. Reb1 Re4 39. Qf1 Rce8 40. b5 h4 41. Qf2 hxg3 42. hxg3 axb5 43. axb5 Qh6 44. Ra7 Bc8 45. c6 bxc6 46. b6 R4e7 47. b7 Rh7 48. Qg2 Bxb7 49. Rbxb7 Rxb7 50. Rxb7 Ra8 51. Rb1 1-0